LEADER 00881nam0 2200241 450 001 000023359 005 20090220131130.0 100 $a20090220d1985----km-y0itay50------ba 101 0 $aita 102 $aIT 105 $ay-------001yy 200 1 $a<>espansione delle finanze pubbliche nei paesi industriali$eevidenza empirica e ipotesi interpretative$fDiego Piacentino 210 $aMilano$cF. Angeli$d1985 215 $a137 p.$d22 cm 500 10$a<>espansione delle finanze pubbliche nei paesi industriali$946228 610 1 $aFinanza pubblica$aPaesi industrializzati 676 $a336$v11$9Paesi industrializzati 700 1$aPiacentino,$bDiego$0116944 801 0$aIT$bUNIPARTHENOPE$c20090220$gRICA$2UNIMARC 912 $a000023359 951 $a324/60$b6152$cNAVA2$d2009 996 $aEspansione delle finanze pubbliche nei paesi industriali$946228 997 $aUNIPARTHENOPE